The noble scholar, jurist, historian


 His Excellency Dr. Abdul Wahhab bin Ibrahim Abu Sulaiman, may Allah have mercy on him.


 He was born in Umm Al-Qura in the year 1356 AH.

فكرة التاريخ عند العرب من الكتاب إلى المقدمة / (Record no. 7512)

MARC details
000 -LEADER
fixed length control field 01260cam a22003371i 4500
003 - CONTROL NUMBER IDENTIFIER
control field SA-RiAUC
005 - DATE AND TIME OF LATEST TRANSACTION
control field 20250502144743.0
008 - FIXED-LENGTH DATA ELEMENTS--GENERAL INFORMATION
fixed length control field 250502s1997 le g b 00100 ara c
020 ## - INTERNATIONAL STANDARD BOOK NUMBER
International Standard Book Number 2842890108
040 ## - CATALOGING SOURCE
Original cataloging agency SA-RiAUC
Language of cataloging ara
Transcribing agency SA-RiAUC
Description conventions rda
041 1# - LANGUAGE CODE
Language code of text/sound track or separate title ara
Language code of original und
043 ## - GEOGRAPHIC AREA CODE
Geographic area code ma-----
050 #4 - LIBRARY OF CONGRESS CALL NUMBER
Item number K445 1997
082 04 - DEWEY DECIMAL CLASSIFICATION NUMBER
Classification number 907.2089927
Assigning agency SA-RiAUC
090 ## - LOCALLY ASSIGNED LC-TYPE CALL NUMBER (OCLC); LOCAL CALL NUMBER (RLIN)
Classification number (OCLC) (R) ; Classification number, CALL (RLIN) (NR) 907.2089927
Local cutter number (OCLC) ; Book number/undivided call number, CALL (RLIN) خ ا ل
100 1# - MAIN ENTRY--PERSONAL NAME
Personal name الخالدي، طريف،
Dates associated with a name 1938-
Relator term مؤلف.
245 10 - TITLE STATEMENT
Title فكرة التاريخ عند العرب من الكتاب إلى المقدمة /
Statement of responsibility, etc. طريف الخالدي ؛ ترجمة حسني زينة.
250 ## - EDITION STATEMENT
Edition statement الطبعة الأولى.
264 #1 - PRODUCTION, PUBLICATION, DISTRIBUTION, MANUFACTURE, AND COPYRIGHT NOTICE
Place of production, publication, distribution, manufacture بيروت :
Name of producer, publisher, distributor, manufacturer دار النهار،
Date of production, publication, distribution, manufacture, or copyright notice 1997
300 ## - PHYSICAL DESCRIPTION
Extent 316 صفحة ؛
Dimensions 24 سم
336 ## - CONTENT TYPE
Content type term نص
Content type code txt
Source rdacontent
Materials specified كتاب
337 ## - MEDIA TYPE
Media type term بدون وسيط
Media type code n
Source rdamedia
338 ## - CARRIER TYPE
Carrier type term مجلد
Carrier type code nc
Source rdacarrier
500 ## - GENERAL NOTE
General note الغلاف مصور بالألوان.
500 ## - GENERAL NOTE
General note يشتمل على كشاف.
504 ## - BIBLIOGRAPHY, ETC. NOTE
Bibliography, etc. note ببليوجرافية : صفحة 295-305.
650 #7 - SUBJECT ADDED ENTRY--TOPICAL TERM
Topical term or geographic name entry element التأريخ عند العرب
General subdivision فلسفة
Source of heading or term aucsh
700 1# - ADDED ENTRY--PERSONAL NAME
Personal name زينة، حسني،
Dates associated with a name 1945-
Relator term مترجم.
942 ## - ADDED ENTRY ELEMENTS (KOHA)
Source of classification or shelving scheme Dewey Decimal Classification
Koha item type Books
Suppress in OPAC No
949 ## - LOCAL PROCESSING INFORMATION (OCLC)
a SA-JeALM
d 250502
u mohamedma123
n 1
Holdings
Withdrawn status Lost status Source of classification or shelving scheme Damaged status Not for loan Home library Current library Date acquired Total checkouts Full call number Barcode Date last seen Price effective from Koha item type
    Dewey Decimal Classification     DR AbdElwahab Library DR AbdElwahab Library 05/02/2025   907.2089927 خ ا ل 000012563 05/02/2025 05/02/2025 Books